The exceptional child : (Record no. 18500)

000 -LEADER
fixed length control field 01810cam a22003974a 4500
001 - CONTROL NUMBER
control field 16126136
005 - DATE AND TIME OF LATEST TRANSACTION
control field 20161221141723.0
008 - FIXED-LENGTH DATA ELEMENTS--GENERAL INFORMATION
fixed length control field 161221b xxu||||| |||| 00| 0 eng d
010 ## - LIBRARY OF CONGRESS CONTROL NUMBER
LC control number 2010924360
020 ## - INTERNATIONAL STANDARD BOOK NUMBER
International Standard Book Number 9781111342104
020 ## - INTERNATIONAL STANDARD BOOK NUMBER
International Standard Book Number 1111342105
050 00 - LIBRARY OF CONGRESS CALL NUMBER
Classification number LC4019.2 .A42 2012
100 1# - MAIN ENTRY--PERSONAL NAME
Personal name Allen, K. Eileen,
Dates associated with a name 1918-
245 14 - TITLE STATEMENT
Title The exceptional child :
Remainder of title inclusion in early childhood education /
Statement of responsibility, etc. K. Eileen Allen, Glynnis E. Cowdery ; with the assistance of Jennifer M. Johnson.
250 ## - EDITION STATEMENT
Edition statement 7th ed.
260 ## - PUBLICATION, DISTRIBUTION, ETC. (IMPRINT)
Place of publication, distribution, etc. Belmont, CA :
Name of publisher, distributor, etc. Wadsworth Cengage Learning,
Date of publication, distribution, etc. 2012.
300 ## - PHYSICAL DESCRIPTION
Extent xviii, 630 p. :
Other physical details ill. ;
Dimensions 26 cm.
504 ## - BIBLIOGRAPHY, ETC. NOTE
Bibliography, etc Includes bibliographical references (p. 586-606) and index.
650 #0 - SUBJECT ADDED ENTRY--TOPICAL TERM
Topical term or geographic name as entry element Children with disabilities
General subdivision Education (Preschool)
Geographic subdivision United States.
650 #0 - SUBJECT ADDED ENTRY--TOPICAL TERM
Topical term or geographic name as entry element Early childhood education
Geographic subdivision United States.
650 #0 - SUBJECT ADDED ENTRY--TOPICAL TERM
Topical term or geographic name as entry element Mainstreaming in education
Geographic subdivision United States.
650 #0 - SUBJECT ADDED ENTRY--TOPICAL TERM
Topical term or geographic name as entry element Children with disabilities
General subdivision Development
Geographic subdivision United States.
650 #0 - SUBJECT ADDED ENTRY--TOPICAL TERM
Topical term or geographic name as entry element Special education
Geographic subdivision United States.
650 #0 - SUBJECT ADDED ENTRY--TOPICAL TERM
Topical term or geographic name as entry element Inclusive education
Geographic subdivision United States.
700 1# - ADDED ENTRY--PERSONAL NAME
Personal name Cowdery, Glynnis Edwards.
700 1# - ADDED ENTRY--PERSONAL NAME
Personal name Johnson, Jennifer M.,
Dates associated with a name 1970-
856 42 - ELECTRONIC LOCATION AND ACCESS
Materials specified Publisher description
Uniform Resource Identifier <a href="http://www.loc.gov/catdir/enhancements/fy1212/2010924360-d.html">http://www.loc.gov/catdir/enhancements/fy1212/2010924360-d.html</a>
856 41 - ELECTRONIC LOCATION AND ACCESS
Materials specified Table of contents only
Uniform Resource Identifier <a href="http://www.loc.gov/catdir/enhancements/fy1212/2010924360-t.html">http://www.loc.gov/catdir/enhancements/fy1212/2010924360-t.html</a>
856 42 - ELECTRONIC LOCATION AND ACCESS
Materials specified Contributor biographical information
Uniform Resource Identifier <a href="http://www.loc.gov/catdir/enhancements/fy1303/2010924360-b.html">http://www.loc.gov/catdir/enhancements/fy1303/2010924360-b.html</a>
942 ## - ADDED ENTRY ELEMENTS (KOHA)
Source of classification or shelving scheme
Koha item type Hard Covered Materials
Classification part LC4019.2 .A42 2012
Holdings
Withdrawn status Lost status Source of classification or shelving scheme Damaged status Not for loan Home library Current library Shelving location Date acquired Source of acquisition Total Checkouts Full call number Barcode Date last seen Price effective from Koha item type
          MACHAKOS UNIVERSITY LIBRARY MACHAKOS UNIVERSITY LIBRARY Technical section 21/12/2016 Donation (BFA)   LC4019.2 .A42 2012 28438 13/07/2018 21/12/2016 Hard Covered Materials
© Machakos University Library, Along The Highway, Machakos Wote Rd, Machakos, Kenya P.O. Box 136 - 90100 Machakos - Kenya

Tel: ( +254 ) 723 805829 OR Fax : 044-20353 OR Email: library@mksu.ac.ke